| 000 | 00436nam a22001817a 4500 | ||
|---|---|---|---|
| 005 | 20250630095042.0 | ||
| 008 | 250630b |||||||| |||| 00| 0 eng d | ||
| 020 |
_a9781846055836 _qpbk |
||
| 041 | _aeng | ||
| 082 | _a823.92 PRI | ||
| 100 | _aPrice Katie | ||
| 245 |
_aSapphire _c/ Katie Price |
||
| 250 | _a1st ed | ||
| 260 |
_aLondon _bCentury _c2009 |
||
| 300 |
_a316p. : _c22cm |
||
| 650 | _aEnglish Fiction | ||
| 942 | _cENGLISH | ||
| 999 |
_c574280 _d574280 |
||